| 000 | 00683cam a2200253 4500 | ||
|---|---|---|---|
| 008 | 000000n2001 000 0 eng u | ||
| 020 | _a1860815251 | ||
| 035 | _a(Sirsi) u119797 | ||
| 041 | _aeng | ||
| 050 | _a333.72 | ||
| 100 | _aRao, S. | ||
| 110 | _aBuilding Research Establishment | ||
| 245 | _aSustainability indicators for utilities | ||
| 260 |
_aLondon _bCRC Ltd _c2001 |
||
| 300 |
_a8p. _bill. _c30cm. |
||
| 490 |
_aBRE Information Paper _v21/01 |
||
| 650 |
_aSustainability _96271 |
||
| 650 | _aINDICATORS | ||
| 650 |
_aUtilities _96272 |
||
| 690 | _aBUILT ENVIRONMENT-SUSTAINABLE CONSTRUCTION | ||
| 700 | _aSargant, H. | ||
| 700 | _aMills, K. | ||
| 942 | _n0 | ||
| 999 |
_c102400 _d102400 |
||